000 00788nam a22002057a 4500
005 20250721124922.0
008 250721b |||||||| |||| 00| 0 eng d
037 _cTB
040 _aCRL
_cCRL
041 _2hin
_ahin
084 _aY 152[R5]
_qCRL
100 _aपाण्डेय, एस. एस.
_9816217
245 _aसमाजशास्त्
260 _aदिल्ली, भारत:
_bमैकग्रे हिल एजुकेशन,
_c2025.
300 _a757पृ.
365 _b400.00
_cINR
650 _2समाजशास्त्र
942 _2CC
_cTB
_hY 152[R5]
_n0
999 _c1434160
_d1434160